[Event "EU-Cup 20th"]
[Site "Izmir"]
[Date "2004.10.07"]
[Round "5.5"]
[White "Beliavsky, Alexander G"]
[Black "Lautier, Joel"]
[Result "0-1"]
[WhiteElo "2660"]
[BlackElo "2682"]
[Annotator "Huebner,R"]
[PlyCount "66"]
[EventDate "2004.10.03"]
[EventType "team-swiss"]
[EventRounds "7"]
[EventCountry "TUR"]
[SourceTitle "CBM 104"]
[Source "ChessBase"]
[SourceDate "2005.01.27"]
[SourceVersion "1"]
[SourceVersionDate "2005.01.27"]
[SourceQuality "1"]
[WhiteTeam "Ekaterinburg Max Ven"]
[BlackTeam "Paris NAO"]
[WhiteTeamCountry "RUS"]
[BlackTeamCountry "FRA"]

1. d4 d5 2. c4 c6 3. Nf3 Nf6 4. Nc3 dxc4 5. a4 Bf5 6. Ne5 Nbd7 7. Nxc4 Qc7 8.
g3 e5 9. dxe5 Nxe5 10. Bf4 Nfd7 11. Bg2 g5 12. Ne3 (12. Nxe5 gxf4 {1/2-1/2
Birjukov,S-Haimi,A/Lahti 1997/EXT 99 (12)}) ({Nach} 12. Bxe5 Nxe5 13. Qd4 f6 (
13... Nxc4 14. Qxh8 O-O-O {wurde laut Schachwoche 4/2000, S.12, von G.Kasparov
befürchtet, doch sehe ich nach} 15. Qf6 {keine ansprechende Fortsetzung für
Schwarz.}) 14. O-O Be7 {dürfte Weiß kaum Vorteil haben. Der Textzug gefällt
mir weit besser, weil Weiß den wichtigen weißfeldrigen Läufer des Gegners
eliminiert.}) 12... gxf4 13. Nxf5 O-O-O 14. O-O (14. Qc2 Ng4 (14... Bb4 {
gefällt mir besser. Auf} 15. gxf4 {folgt} Nc4 16. Qb3 (16. e3 Nc5 {überläßt
dem Schwarzen eine beachtliche Initiative.}) 16... Bxc3+ 17. Qxc3 Qxf4 {
mit genügendem Gegenspiel für Schwarz.}) (14... Nc5 {Auf} 15. gxf4 {folgt} (15.
b4 f3 {ist ebenfalls nicht besonders attraktiv für Weiß.}) 15... Nc4 {mit
starkem Gegenspiel.}) 15. a5 fxg3 (15... a6 16. Ra4 h5 17. Rxf4 Qxa5 18. O-O {
mit Vorteil für Weiß.}) (15... Bc5 16. O-O (16. Ne4 Bb4+ {ist weniger
überzeugend.}) 16... fxg3 17. hxg3 a6 (17... Bxf2+ 18. Rxf2 Nxf2 19. Kxf2 {
ist nicht genügend für Schwarz; der Springer auf f5 steht zu stark.}) 18. Ne4
Bf8 19. Rfd1 {mit Vorteil für Weiß.}) 16. hxg3 a6 17. Ra4 Ndf6 18. Ne4 Nxe4 ({
Bessere Möglichkeiten, die Nachteile der Bauernstruktur durch dynamisches
Figurenspiel auszugleichen, bot meines Erachtens die Fortsetzung} 18... Nd5 19.
Bh3 Ne5 20. Nc5 Kb8) 19. Bxe4 h5 20. Kf1 Kb8 21. Kg2 Be7 22. Nxe7 Qxe7 23. Bf3
Ne5 ({Die Fortsetzungen} 23... Qg5 24. Rb4 {oder}) (23... Qe6 24. Qc3 ({
Ungenügend ist die Fortsetzung} 24. Rxh5 Rxh5 25. Bxg4 Qd5+ 26. Bf3 Qf5) 24...
f6 25. Rd4 {bewahren den Schwarzen auf die Dauer auch nicht vor Bauernverlust.
Seine Stellung ist strategisch verloren.}) 24. Bxh5 $18 {1-0 Kasparov,
G-Morozevich,A/Wijk aan Zee 2000/CBM 75/[Huebner,R] (45). (45)}) 14... Nc5 15.
Qc2 Ne6 16. Rad1 Bc5 (16... Bb4 {ist weniger genau:} 17. Na2 {, und auf} Bc5 {
folgt} 18. b4) 17. Ne4 Bb4 18. Qc1 Ng6 (18... fxg3 19. hxg3 Rxd1 20. Rxd1 Rd8
21. Bh3 Kb8 22. Kg2 a5 23. b3 {1/2-1/2 Kramnik,V-Morozevich,A/Astana 2001/CBM
84/[Huebner,R] (23).}) 19. Qc4 a5 20. e3 fxe3 (20... Qe5 {birgt Risiken, zum
Beispiel:} 21. Rxd8+ (21. Bh3 fxe3 22. f4 (22. fxe3 Kb8 $11) (22. Nxe3 Kb8 $11)
22... Qxb2 23. Nxe3 Kb8 {führt zu etwa gleichem Spiel.}) 21... Rxd8 22. Nh6 Rd7
(22... Qg7 23. Nxf7 Qxf7 24. Bh3) 23. exf4 Qg7 24. Ng5 Qxh6 25. Nxf7 Qg7 26. f5
Nef4 27. fxg6 Nxg2 28. gxh7 Qxh7 29. Ne5 Ne1 30. Qe6 {usw.}) 21. Nxe3 (21. fxe3
{befestigt die Felder auf der f-Linie, gibt aber den Punkt e5 für immer aus
der Hand. Nach} Rxd1 22. Rxd1 Rd8 {dürfte die Stellung ausgeglichen sein.})
21... Kb8 22. Qe2 {'?!' Die Aufgabe des Feldes d4 ist unnötig. Nach} (22. Nc2
Ne5 23. Qe2 f5 (23... Be7 24. f4 {mit Vorteil für Weiß.}) 24. Nxb4 axb4 25. Nd6
Rxd6 26. Qxe5 Rxd1 27. Qxh8+ Rd8 28. Qf6 Nd4 29. Re1 {hat Weiß das bequemere
Spiel.}) 22... Nd4 23. Qh5 (23. Qc4 Ne5 {ist nun nicht mehr befriedigend für
Weiß.}) 23... f5 24. Ng5 (24. Nc3 {ist besser geeignet, die Initiative des
Schwarzen im Zaum zu halten:} Qf7 (24... Qe5 25. Kh1 Qf6 26. f4) 25. Ncd5 Bc5
26. Nf4 {mit etwa gleichen Aussichten.}) 24... f4 25. Nc4 (25. Nd5 {ist nicht
besser:} cxd5 26. Rxd4 Qe5 (26... fxg3 27. hxg3 Qe5 28. Rfd1 Bc5 29. Rxd5 Rxd5
30. Rxd5 Qe1+ 31. Kh2 {ist vorteilhaft für Weiß:} Bxf2 32. Qf3 Qe3 33. Rd8+ Kc7
34. Rxh8 {usw.}) 27. Rfd1 Bc5 28. R4d2 (28. R4d3 fxg3 29. hxg3 Rhf8 30. R1d2
Rf5 (30... Rxf2 31. Rxf2 Ne7 (31... Rf8 32. Rdf3) 32. Kf1 {ist nicht klar.})
31. Re2 Bxf2+ 32. Rxf2 (32. Kh1 Qf6) 32... Rxg5 33. Qe2) (28. Rxd5 Rxd5 29.
Bxd5 fxg3 30. hxg3 h6 (30... Qxg3+ 31. Kh1 {mag zu einer für Weiß haltbaren
Stellung führen.}) 31. Bg2 (31. Qxg6 Qxg3+ 32. Bg2 Qxf2+ 33. Kh1 hxg5+ {
nebst matt.}) 31... Rf8 32. Qxg6 Bxf2+ 33. Kh2 hxg5 34. Qh7 Bxg3+ 35. Kh3 (35.
Kg1 Qxb2 36. Rb1 Bf2+ 37. Kh2 Rh8 38. Rxb2 Rxh7+ 39. Bh3 Bd4 40. Rd2 Be5+ 41.
Kg2 g4 {, und Schwarz gewinnt.}) 35... g4+ 36. Kxg4 Rf4+ 37. Kh3 Rh4+ 38. Qxh4
Bxh4 39. Kxh4 Qf4+ 40. Kh3 Qh6+ 41. Kg3 Qg6+ {, und Schwarz gewinnt.}) 28...
fxg3 29. hxg3 Qxg3 30. Ne4 (30. Qh2 Qxh2+ 31. Kxh2 Bd6+ 32. Kh1 Bf4) 30...
Qxg2+ 31. Kxg2 Nf4+ 32. Kf1 Nxh5 33. Nxc5 Nf6 {Schwarz hat vortreffliche
Gewinnaussichten.}) 25... Qe7 26. Ne4 (26. Nf3 Rd5 27. Qh3 (27. Qg4 Qe2 28. Nb6
Rd6 {ist unbefriedigend für Weiß.}) 27... Ne2+ 28. Kh1 Rxd1 29. Rxd1 Rd8 30.
Rf1 Rd3 31. Qg4 {, und Weiß leistet Widerstand.}) 26... Qe6 (26... Rhf8 27.
Ned2 fxg3 28. hxg3 ({Auch die Fortsetzung} 28. fxg3 Rxf1+ 29. Bxf1 b5 {führt
zu Materialgewinn für Schwarz.}) 28... Qe2 29. Qxe2 (29. Qg5 Ne6 30. Qh6 Rxf2 {
ist gleicherweise fatal für Weiß.}) 29... Nxe2+ 30. Kh2 b5 {mit demselben
Motiv wie in der Klammeranmerkung; Schwarz gewinnt.}) 27. Ned2 Rhf8 (27... b5
28. axb5 cxb5 29. Nf3 Ne2+ 30. Kh1 Qxc4 31. Ne5 {ist unzutunlich für Schwarz.})
(27... Rhe8 {hält den Vorteil ebenfalls fest:} 28. Kh1 Qf7 {mit wachsendem
Druck, zum Beispiel} 29. Qg4 (29. b3 Nxb3 30. Nxb3 Rxd1 31. Qxd1 Qxc4) 29...
Re7 30. b3 Rg8 31. Qh5 Rge8 {usw.}) 28. Rde1 ({Auf} 28. Rfe1 {folgt} Qf5 (28...
Qg8 29. Be4 fxg3 30. fxg3 Nf4 31. Qe5+ Ka7 32. Qc7 {gibt dem Weißen
Gegnchancen.}) 29. Qxf5 Nxf5 {, und wieder hat die Drohung b7-b5 entscheidende
Kraft.}) 28... Qg8 (28... Qf5 {gewinnt auf der Stelle:} 29. Qxf5 Rxf5 30. Be4
Rc5 {nebst b7-b5.}) 29. Re4 (29. Rc1 Rf5 30. Qg4 h5 {ist hoffnungslos für Weiß.
}) ({Nach} 29. Be4 {führt} b5 (29... Nb3 {ist ebenfalls ausreichend.} 30. Nxb3
Bxe1 (30... Qxc4 31. Nxa5 Qa6 32. Nxc6+ bxc6 33. Rc1 {erlaubt es dem Weißen,.
Widerstand zu leisten.}) 31. Bxg6 {Andere Züge bringen auch keine Rettung.}
Qxc4 32. Qe5+ Ka7 33. Rxe1 hxg6 34. Qxa5+ Kb8 35. Qe5+ Kc8 36. Na5 Qf7 {
Schwarz hat eine Gewinnstellung.}) 30. axb5 cxb5 31. Ne5 Qg7 32. Ndf3 Nxe5 33.
Nxe5 Bxe1 34. Rxe1 Rfe8 {zum Gewinn für Schwarz.}) 29... f3 {'-+'} 30. Bh3 Ne2+
31. Kh1 Bxd2 32. Nxd2 Rxd2 33. Qxa5 Qd5 0-1

[Event "Sarajevo Bosnia 30th"]
[Site "Sarajevo"]
[Date "2000.05.26"]
[Round "9"]
[White "Georgiev, Kiril"]
[Black "Shirov, Alexei"]
[Result "0-1"]
[WhiteElo "2677"]
[BlackElo "2751"]
[Annotator "Huebner,R"]
[PlyCount "144"]
[EventDate "2000.05.17"]
[EventType "tourn"]
[EventRounds "11"]
[EventCountry "BIH"]
[EventCategory "19"]
[SourceTitle "CBM 077"]
[Source "ChessBase"]
[SourceDate "2000.07.27"]
[SourceVersion "1"]
[SourceVersionDate "2000.07.27"]
[SourceQuality "1"]

1. d4 d5 2. c4 c6 3. Nf3 Nf6 4. Nc3 dxc4 5. a4 Bf5 6. Ne5 e6 7. f3 Bb4 8. e4
Bxe4 9. fxe4 Nxe4 10. Bd2 Qxd4 11. Nxe4 Qxe4+ 12. Qe2 Bxd2+ 13. Kxd2 Qd5+ 14.
Kc2 Na6 15. Nxc4 O-O 16. Qf3 Qc5 17. Be2 Nb4+ 18. Kb1 Rad8 19. Rc1 Rd4 20. Ra3
Rfd8 21. a5 {Dies ist eine neue Idee: Weiß verhindert, daß Schwarz seinen
Springer mit a7-a5 auf b4 verankern kann.} Qg5 22. Rb3 Qg6+ 23. Ka1 Qg5 24. Qe3
Qb5 25. Qc3 c5 26. Ra3 Qd7 27. Qf3 ({Nach} 27. Ne5 Qd6 28. Nf3 (28. Qxc5 $2
Qxc5 29. Rxc5 Rd1+) 28... Rd5 {hat Weiß seine Stellung nicht verbessert.})
27... Qe7 28. Re3 $6 {Hiernach kann Schwarz den Springer von c4 vertreiben.} ({
Die Fortsetzung} 28. g3 {mit der Idee, h2-h4 zu spielen und den Nachziehenden
gelegentlich am Königsflügel zu beunruhigen, gefällt mir besser.}) 28... b5 29.
axb6 axb6 30. Na3 Rd2 31. g3 (31. Nc4 $11 {denn die Folge} Nc2+ 32. Rxc2 Rxc2
33. Kb1 {ist nicht günstig für Schwarz.}) 31... Qd7 32. h4 Qd4 33. Rec3 Qe5 34.
Bb5 Rh2 {Damit erreicht Schwarz nichts.} (34... Qb8 {hinderte den Weißen daran,
seine Figuren auf bessere Plätze zu bringen:} 35. Nc4 R2d3) 35. Nc4 Qc7 36. Kb1
Rd5 37. Ra3 {Jetzt droht Weiß auf der a-Linie einzudringen.} h5 38. Qe4 (38.
Ra8+ Kh7 ({Nach} 38... Rd8 39. Rxd8+ Qxd8 40. Rd1 {geht der Bauer auf h5
verloren.}) 39. Rf8 Rf5 40. Qe4 Qxg3 41. Rxf7 Rxh4 42. Qxe6 Qd3+ {führt zum
Remis.}) 38... g6 39. Ne3 Rdd2 40. Nc4 Rd4 (40... Rd5 $5) 41. Qa8+ Kg7 42. Qa7
Qxa7 43. Rxa7 Rg2 44. Ra3 ({Die Fortsetzung} 44. Ne5 Rdd2 45. Rxf7+ Kg8 46. Ra7
Rxb2+ 47. Ka1 Ra2+ 48. Rxa2 Rxa2+ 49. Kb1 Ra3 {führt zum Remis.}) 44... Nd3 45.
Rf1 ({Nach} 45. Rd1 Rxg3 46. Nxb6 Nxb2 47. Rxd4 Rxa3 48. Rd2 Nd1 {erhält
Schwarz Gewinnaussichten.}) 45... Nxb2 46. Ne3 (46. Ra7 Rd1+ 47. Rxd1 Nxd1 48.
Ra3 Rg1 49. Kc2 Nf2 50. Bc6 b5 51. Bxb5 Ne4 52. Bc6 Nxg3 53. Ra7 {ergibt eine
Remisstellung.}) 46... Rxg3 47. Ra7 $2 ({Nicht das Beste ist} 47. Nf5+ exf5 48.
Rxg3 Rb4 49. Bc6 Nd3+ 50. Kc2 Ne5 51. Bd5 Rxh4 {Schwarz hat Gewinnaussichten.})
({Richtig ist} 47. Kxb2 Rb4+ 48. Kc2 Rxb5 49. Ra7 ({Nach} 49. Nf5+ exf5 50.
Rxg3 Rb4 {ist die Lage nicht deutlich.}) 49... g5 (49... Rxe3 {scheitert an}
50. Rfxf7+ Kg8 51. Rg7+ Kf8 52. Rgb7 Re2+ 53. Kd1 $18 {, und Weiß gewinnt.})
50. Rfxf7+ ({Nach} 50. Raxf7+ Kg8 {hat Weiß nichts Besseres als Dauerschach.})
50... Kg6 51. Rg7+ Kh6 {Weiß kann nicht gewinnen; aber nach dem Textzug steht
er auf Verlust.}) 47... Rxh4 48. Raxf7+ (48. Rfxf7+ {rettet den Weißen nicht:}
Kh6 49. Nf1 Rb3 50. Bd7 Nc4+ $19) 48... Kh6 49. R7f3 Rxf3 50. Rxf3 Rb4 51. Be8
Nd3+ 52. Ka2 Nf4 53. Nc2 Re4 54. Bc6 Nd5 55. Kb3 h4 56. Bb5 Kg5 57. Bd3 Rf4 58.
Rh3 Kf6 59. Ne1 b5 60. Kc2 c4 61. Be2 g5 62. Rh2 e5 63. Kd2 b4 64. Kc1 c3 65.
Nd3 Rd4 66. Nc5 Nf4 67. Bf3 Kf5 68. Bb7 e4 69. Nb3 Rd8 70. Kc2 e3 71. Ba6 h3
72. Rh1 g4 0-1

[Event "Excelsior Cup"]
[Site "Gothenburg"]
[Date "1997.??.??"]
[Round "7"]
[White "Ziegler, Ari"]
[Black "Gretarsson, Helgi Ass"]
[Result "0-1"]
[WhiteElo "2455"]
[BlackElo "2470"]
[Annotator "Huebner,R"]
[PlyCount "72"]
[EventDate "1997.01.??"]
[EventType "tourn"]
[EventRounds "9"]
[EventCountry "SWE"]
[EventCategory "9"]
[SourceTitle "CBM 057"]
[Source "ChessBase"]
[SourceDate "1997.04.01"]
[SourceVersion "1"]
[SourceVersionDate "1997.04.01"]
[SourceQuality "1"]

1. d4 d5 2. c4 c6 3. Nc3 dxc4 4. a4 Nf6 5. e3 e5 6. Bxc4 exd4 7. exd4 Be7 8. h3
$2 {Dies ist hier überflüssig und wirkungslos. Besser war} (8. Nf3 O-O 9. Ne5)
8... O-O 9. Nf3 Na6 10. O-O Nc7 11. Re1 Be6 12. Bd3 Nfd5 {Es ist ein
wohlbekannter Stellungstypus entstanden, wie er aus der Russischen
Verteidigung und dem Angenommenen Damengambit mit 3.e3 e5 bekannt ist; aber
Weiß hat mit dem Zug a2-a4 nicht nur Zeit verloren, sondern auch das Feld b4
unheilvoll geschwächt. Meist spielt Weiß ja in diesen Stellungen a2-a3, um
Ld3-c2 und Dd1-d3 vorzubereiten. Schwarz hat hier bereits deutlichen Vorteil.}
13. Bb1 {Weiß klemmt seinen Damenturm ein. Besser gefällt mir} (13. Ne4 $5 Nb4
14. Bf1) 13... Re8 14. Qd3 g6 15. Ne4 (15. Bh6 {war hier eher am Platze.})
15... Nb4 16. Qd1 Bd5 17. Bh6 Ne6 18. Qd2 a5 19. h4 {Weiß hat bereits keine
vernünftigen Züge mehr.} (19. Ra3 Na6 20. Rae3 Bxe4 {kostet die Qualität.}) (
19. Bd3 Nxd3 20. Qxd3 {war vielleicht am zähesten. Das Bauernopfer ist bei der
schlechten Stellung der weißen Figuren nicht ausreichend.}) 19... Bxh4 $19 20.
Nxh4 Qxh4 21. Ra3 Bxe4 22. Rxe4 Qe7 23. Rg3 Rad8 24. Bg5 f6 25. Bh4 c5 26. Qe1
cxd4 ({Sogar} 26... Rxd4 27. Rxe6 Qxe6 28. Re3 Kf7 {dürfte zum Gewinn führen!})
27. f4 d3 28. f5 Qc5+ 29. Kh2 d2 30. Qd1 Qc1 31. Qh5 d1=Q 32. Rxg6+ hxg6 33.
Qxg6+ Ng7 34. Bxf6 Qh1+ 35. Kg3 Qc7+ 36. Be5 Rxe5 0-1

[Event "RUS-chT 07th"]
[Site "Smolensk"]
[Date "2000.04.21"]
[Round "7"]
[White "Tunik, Gennady"]
[Black "Frolov, Denis"]
[Result "1/2-1/2"]
[WhiteElo "2442"]
[BlackElo "2428"]
[Annotator "Huebner,R"]
[PlyCount "88"]
[EventDate "2000.04.15"]
[EventType "team-tourn"]
[EventRounds "11"]
[EventCountry "RUS"]
[SourceTitle "CBM 077"]
[Source "ChessBase"]
[SourceDate "2000.07.27"]
[SourceVersion "1"]
[SourceVersionDate "2000.07.27"]
[SourceQuality "1"]
[WhiteTeam "Saratov GShK"]
[BlackTeam "Tomsk Politekhnik-Yantar"]
[WhiteTeamCountry "RUS"]
[BlackTeamCountry "RUS"]

1. d4 d5 2. c4 c6 3. Nf3 Nf6 4. Nc3 dxc4 5. a4 Bf5 6. Ne5 e6 7. f3 Bb4 8. e4
Bxe4 9. fxe4 Nxe4 10. Bd2 Qxd4 11. Nxe4 Qxe4+ 12. Qe2 Bxd2+ 13. Kxd2 Qd5+ 14.
Kc3 Na6 15. Nxc4 O-O 16. Qe5 Qd8 {Dies ist ein neuer Versuch; Schwarz
vermeidet den Damentausch und bringt seinen Springer nach d5. Dies scheint
genügend zu sein, um ungefähr gleiches Spiel zu erlangen. Auch das Endspiel,
das nach 16...f6 entsteht, braucht Schwarz nicht zu verlieren:} (16... f6 {
Dieser Zug wird hier, soweit ich sehe, erstmals in einer praktischen Partie
erprobt.} 17. Qxd5 cxd5 18. Nd6 Rab8 19. b4 {Mit diesem Zug enden die Angaben
in der Informatormonographie von Z. Ribli (Slawisch, D16-19) unter D17/73,
Fußnote 460; seiner Meinung nach hat Weiß klaren Vorteil. Schwarz zeigt jedoch,
daß er sich in Grenzen hält.} Nc7 20. Rc1 (20. Nb5 {ist interessant:} Rbc8 (
20... Rfc8 21. Kd2 (21. Kb3 a6 (21... Nxb5 22. axb5 {überläßt dem Weißen
großen Vorteil.}) 22. Na7 Rd8 23. b5 {Weiß hat einige Initiative.}) 21... a6 (
21... Nxb5 22. axb5 {ist auch hier unangenehm für Schwarz.}) 22. Na7 Rd8 23. b5
{mit guten Aussichten für Weiß.}) 21. Kd2 a6 22. Nd6 Rb8 23. Rc1 Na8 24. Re1
Nc7 {Weiß hat wohl nichts Besseres, als mit} 25. Rc1 Na8 26. Re1 {remis durch
Zugwiederholung zu erzwingen.}) 20... Rfd8 21. Kb3 Na8 22. Nb5 a6 23. Nd4 Kf7
24. g3 e5 25. Nf3 Rbc8 26. Bh3 Rc4 27. Rhd1 Ke7 28. Bf1 Rxc1 {1/2-1/2 San
Segundo,P-Illescas Cordoba,M/Pamplona 1997/CBM 63/[Huebner,R] (28)}) 17. Be2
Nc7 18. Bf3 Nd5+ 19. Kb3 Qe7 20. Qd6 Qh4 ({Nach} 20... b5 21. axb5 cxb5 22.
Qxe7 bxc4+ 23. Kxc4 Nxe7 24. Bxa8 Rxa8 25. Ra6 {hat Schwarz Sorgen.}) 21. Rhd1
Rfd8 22. Qg3 Qe7 23. Qe1 Qc5 24. Rac1 b5 25. axb5 $6 ({Besser ist} 25. Ne5
bxa4+ 26. Ka2 Nb4+ 27. Kb1 Rxd1 28. Bxd1 Qb5 29. Qc3 {mit etwa gleichem Spiel.}
) 25... Qxb5+ 26. Ka3 $2 ({Richtig ist} 26. Ka2 Nb4+ 27. Kb1 Qa4 28. Na3 Qb3
29. Rxd8+ Rxd8 30. Rd1 Qa2+ 31. Kc1 Qa1+ 32. Nb1 Nd3+ 33. Rxd3 Rxd3 34. Qb4 Rd8
{mit Vorteil für Schwarz, doch hat Weiß Rettungsaussichten.}) 26... Rdb8 (26...
Rab8 {kommt ebenfalls sehr in Betracht:} 27. Rd3 (27. Ka2 Qb3+ 28. Kb1 Nb4 {
, und Schwarz gewinnt.}) 27... Qc5+ ({Nach} 27... Rd7 28. Ka2 Nb4+ 29. Qxb4
Rxd3 30. Qxb5 cxb5 31. Ne5 {kann Weiß Widerstand leisten.}) 28. b4 Qb5 29. Rb3
({Die Fortsetzung} 29. Bxd5 cxd5 30. Nb2 a5 {wird Weiß nicht überleben.}) 29...
c5 30. Bxd5 exd5 31. Na5 c4 {Weiß schwebt in Lebensgefahr.}) 27. Ka2 Qb3+ 28.
Kb1 Nb4 29. Rc3 Qa2+ 30. Kc1 Rd8 31. Be4 Qa1+ 32. Bb1 Na2+ 33. Kc2 Nxc3 34.
Kxc3 Rxd1 $2 {Ich sehe keinen Grund dafür, die d-Linie aufzugeben. Nach} (34...
g6 {dürfte Weiß kaum überleben können.}) 35. Qxd1 Qa6 36. Be4 Qb5 37. Qd6 Rc8
38. Ne5 Rb8 39. b4 c5 40. Nc6 cxb4+ 41. Kb3 Re8 42. Qd7 Kf8 43. Qd6+ Kg8 44.
Qd7 Kf8 1/2-1/2

[Event "Sigeman & Co 08th"]
[Site "Malmo"]
[Date "2000.05.28"]
[Round "5"]
[White "Timman, Jan H"]
[Black "Hillarp Persson, Tiger"]
[Result "1-0"]
[WhiteElo "2655"]
[BlackElo "2548"]
[Annotator "Huebner,R"]
[PlyCount "53"]
[EventDate "2000.05.23"]
[EventType "tourn"]
[EventRounds "6"]
[EventCountry "SWE"]
[EventCategory "15"]
[SourceTitle "CBM 077"]
[Source "ChessBase"]
[SourceDate "2000.07.27"]
[SourceVersion "1"]
[SourceVersionDate "2000.07.27"]
[SourceQuality "1"]

1. d4 d5 2. c4 c6 3. Nf3 Nf6 4. Nc3 dxc4 5. a4 Bf5 6. Ne5 e6 7. f3 Bb4 8. e4
Bxe4 9. fxe4 Nxe4 10. Bd2 Qxd4 11. Nxe4 Qxe4+ 12. Qe2 Bxd2+ 13. Kxd2 Qd5+ 14.
Kc2 Na6 15. Nxc4 O-O 16. Qf3 Rfd8 {Dies ist ein neuer Versuch; es sieht jedoch
nicht sinnvoll aus; den Punkt f7 ungeschützt zu lassen. Der bisher erprobte Zug
} (16... Qc5 {verdient mehr Vertrauen.}) 17. Be2 Qg5 ({Nach} 17... Qc5 18. Rhf1
Nb4+ (18... Rd7 19. Rad1) 19. Kb1 Rd7 20. Ra3 Rad8 21. Rb3 {steht Weiß
günstiger als bei sofortigem 16...Dc5.}) 18. Rhf1 Qg6+ 19. Kb3 Nc5+ 20. Ka3 Qc2
$2 {Das führt zu nichts.} (20... Rd4 {bot bessere Möglichkeiten, Widerstand zu
leisten.}) 21. b3 b5 ({Nach} 21... f6 22. Rac1 Qe4 (22... Qg6 23. Ne5 {ist
hoffnungslos für Schwarz.}) 23. Qxe4 Nxe4 24. Na5 {ist die Stellung des
Schwarzen schlecht, weil Weiß die Schwächung des Punktes e6 erreicht hat.}) 22.
Rac1 b4+ ({Nach} 22... Qxb3+ 23. Qxb3 Nxb3 24. Kxb3 bxc4+ 25. Rxc4 {gewinnt
Weiß ohne größere Mühe.}) 23. Kxb4 $18 Qa2 24. Ra1 (24. Kxc5 Rd5+ 25. Kxc6 {
gewann ebenfalls; die dame des Schwarzen kann nicht am Angriff teilnehmen.})
24... Qc2 25. Kxc5 Rab8 (25... Rd5+ 26. Kb4 $18) 26. Qxf7+ Kh8 27. Rad1 1-0

[Event "RUS-ch 53rd"]
[Site "Samara"]
[Date "2000.06.27"]
[Round "11"]
[White "Tunik, Gennady"]
[Black "Yevseev, Denis"]
[Result "1/2-1/2"]
[WhiteElo "2442"]
[BlackElo "2496"]
[Annotator "Huebner,R"]
[PlyCount "94"]
[EventDate "2000.06.03"]
[EventType "swiss"]
[EventRounds "11"]
[EventCountry "RUS"]
[SourceTitle "CBM 078"]
[Source "ChessBase"]
[SourceDate "2000.10.18"]
[SourceVersion "1"]
[SourceVersionDate "2000.10.18"]
[SourceQuality "1"]

1. d4 d5 2. c4 c6 3. Nf3 Nf6 4. Nc3 dxc4 5. a4 Bf5 6. Ne5 e6 7. f3 Bb4 8. e4
Bxe4 9. fxe4 Nxe4 10. Qf3 Qxd4 11. Qxf7+ Kd8 12. Bg5+ Nxg5 13. Qxg7 Qe3+ (13...
Bxc3+ 14. bxc3 Qxc3+ 15. Ke2 Qc2+ {mit Dauerschach lautet die Hauptvariante.
Der Textzug, der auch schon versucht wurde (siehe das unten angegebene
Partiebeispiel), vermeidet das sofortige Unentschieden, führt aber auch zu
einer ausgeglichenen Stellung.}) 14. Kd1 Rf8 15. Nxc4 Qc5 16. h4 ({Die
Fortsetzung} 16. Qxb7 Bxc3 17. bxc3 Nd7 18. Qxa8+ Kc7 19. Qxf8 Qxf8 {ist
riskant für Weiß; sein König steht zu unsicher. Ein Springer des Schwarzen
droht mit großer Kraft nach e4 zu kommen.}) 16... Bxc3 17. Qxg5+ ({Die
Fortsetzung} 17. bxc3 Ne4 {kann dem Weißen nicht empfohlen werden:} 18. Qxb7
Nd7 {, und Schwarz gewinnt.}) 17... Qxg5 18. hxg5 Bd4 19. Ke1 {Andere Züge
versprechen nicht mehr:} (19. Be2 Rf7 20. Ra3 Nd7 21. Rd3 c5 22. Nd6 Rg7 23. g6
Ke7 24. Nxb7 hxg6 25. Na5 Ne5 $11 {1/2-1/2 Elbilia,J-Alvarado,N/Moscow 1994/
CBM 44 ext (36)}) (19. Ra3 Nd7 20. Rah3 Nc5 (20... Kc7 21. Rxh7 Rf2 $11) 21.
Rf3 $14) (19. Bd3 Rf2 20. Rxh7 Rxg2 $11) 19... Rf7 20. Bd3 Nd7 (20... Rg7 {
führt ebenfalls zum Ausgleich:} 21. Rxh7 Rxg5 22. Rxb7 Rxg2 {usw.}) 21. Rd1 Ke7
22. Bxh7 $6 ({Mit der Folge} 22. g6 Rg7 ({Die Fortsetzung} 22... hxg6 23. Bxg6
Rf4 24. Rh7+ Kf6 (24... Kd8 25. g3 Rg4 26. Rxd7+ $18) 25. Rf7+ Kxg6 26. Rxf4 c5
27. b3 {bringt den Schwarzen in Nachteil.}) 23. gxh7 (23. Rxh7 Nf8 $11) 23...
Rh8 {konnte Weiß mühelos Ausgleich erzielen.}) (22. Rxh7 {war ebenfalls besser
als der Textzug.}) 22... Rf4 23. Bd3 Rh8 24. Rxh8 $6 (24. Rf1 {war genauer.})
24... Bxh8 25. Be2 Nc5 $6 ({Die Folge} 25... Nb6 26. Nxb6 axb6 {gewann einen
Bauern und führte zu einem substantiellen Vorteil für Schwarz.}) 26. a5 Rf5 27.
g6 Rg5 28. Bf3 Rxg6 29. Kf2 {Auch jetzt hat Schwarz einen Bauern erobert, aber
die Figuren des Weißen haben aktive Plätze gefunden, so daß der
Materialvorteil nicht zum Sieg genügt.} e5 (29... Nb3 30. Rd3 (30. a6 b5 {
ist nicht besser.}) 30... Nd4 {bot bessere Möglichkeiten, auf Gewinn zu
spielen.}) 30. b4 e4 31. bxc5 exf3 32. gxf3 Rg5 33. Nd6 Rxc5 34. Nxb7 Rc2+ 35.
Ke3 Be5 36. Rh1 Ke6 37. Rh7 Kd5 38. Rd7+ Kc4 39. f4 Bb2 40. Nd6+ Kc5 41. Ne4+
Kc4 42. f5 a6 43. f6 Bxf6 44. Nxf6 Ra2 45. Rd4+ Kb5 46. Ne4 Kxa5 47. Nc3 Rh2
1/2-1/2